Burkina Faso Regions Quiz - Statistics

General Stats
  • This quiz has been taken 5 times
  • The average score is 11 of 13
Answer Stats
Capital Region % Correct
Ouagadougou Centre
100%
Tenkodogo Centre-Est
100%
Kaya Centre-Nord
100%
Koudougou Centre-Ouest
100%
Manga Centre-Sud
100%
Fada N'Gourma Est
100%
Ouahigouya Nord
100%
Gaoua Sud-Ouest
100%
Bobo-Dioulasso Hauts-Bassins
80%
Banfora Cascades
60%
Ziniare Plateau-Central
60%
Dori Sahel
60%
Dédougou Boucle du Mouhoun
40%
No matching quizzes found
Score Distribution
Percent of People with Each Score
Percentile by Number Answered
Your Score History
You have not taken this quiz